MARC

LEADER 00000nam0a2200000 4500
001 247734
005 20231101232326.0
035 |a (RuTPU)RU\TPU\book\269321 
035 |a RU\TPU\book\269314 
090 |a 247734 
100 |a 20140114d1987 k y0rusy50 ca 
101 1 |a rus 
102 |a RU 
105 |a a j 001zy 
200 1 |a Математическая статистика и энтропийные модели в проектировании микроэлектронных конструкций  |e учебное пособие  |f Г. М. Алдонин, А. В. Николаев 
210 |a Красноярск  |c Изд-во Красноярского политехнического ин-та  |d 1987 
215 |a 95 с.  |c ил. 
606 1 |a Микроэлектронные схемы интегральные  |x Проектирование  |x Испытание  |2 stltpush  |3 (RuTPU)RU\TPU\subj\43847  |9 63288 
610 1 |a энтропийный подход 
610 1 |a модели 
610 1 |a математическая статистика 
610 1 |a микроэлектронные устройства 
610 1 |a учебные пособия 
675 |a 621.382.049.77.001(075.8)  |v 3 
700 1 |a Алдонин  |b Г. М. 
701 1 |a Николаев  |b А. В. 
801 1 |a RU  |b 63413507  |c 20140109 
801 2 |a RU  |b 63413507  |c 20150212  |g RCR 
942 |c BK